[Event "IECC CL6-2004.11 email"]
[Site "IECC email"]
[Date "2004.05.13"]
[Round "?"]
[White "Reddy, Venkatesh"]
[Black "Nash, Chris"]
[Result "1-0"]
[WhiteElo "1247"]
[BlackElo "1254"]
[PlyCount "89"]
[EventDate "2004.??.??"]
[EventType "tourn (corr)"]
[EventRounds "4"]
[SourceTitle "Corr 2008"]
[Source "ChessBase"]
[SourceDate "2008.06.24"]
[SourceVersion "1"]
[SourceVersionDate "2008.06.24"]
[SourceQuality "1"]

1. e4 e5 2. Nf3 Nc6 3. Bb5 d6 4. d4 exd4 5. Nxd4 Bd7 6. Bc4 Nf6 7. Nc3 Be7 8. Bf4 0-0 9. h3 Nxd4 10. Qxd4 Bc6 11. Qe3 Re8 12. 0-0-0 Bf8 13. Rd4 a6 14. Bd5 Bxd5 15. Nxd5 Nxd5 16. Rxd5 c6 17. Rd4 d5 18. Qc3 Rxe4 19. Rxe4 dxe4 20. Qc4 Qd5 21. Qxd5 cxd5 22. Rd1 Rd8 23. Bc7 Rd7 24. Bb6 Be7 25. c4 Bg5+ 26. Kb1 Rd6 27. Bc5 Rd7 28. cxd5 f5 29. a4 Bd8 30. g3 Kf7 31. h4 Be7 32. Be3 h6 33. h5 Bg5 34. Bb6 g6 35. hxg6+ Kxg6 36. Kc2 Bf6 37. b4 Be5 38. Kb3 Bc7 39. Bxc7 Rxc7 40. d6 Rd7 41. Kc4 Kf6 42. Kd5 Rd8 43. Rc1 Rd7 44. Rc7 Rf7 45. d7 1-0

[Event "IECC CL6-2004.11 email"]
[Site "IECC email"]
[Date "2004.05.13"]
[Round "?"]
[White "Reddy, Venkatesh"]
[Black "Vlaar, Nick T"]
[Result "1-0"]
[WhiteElo "1200"]
[BlackElo "1190"]
[PlyCount "35"]
[EventDate "2004.??.??"]
[EventType "tourn (corr)"]
[EventRounds "4"]
[SourceTitle "Corr 2008"]
[Source "ChessBase"]
[SourceDate "2008.06.24"]
[SourceVersion "1"]
[SourceVersionDate "2008.06.24"]
[SourceQuality "1"]

1. e4 e5 2. Nf3 Nc6 3. Bb5 Nge7 4. Nc3 d6 5. d4 Bd7 6. d5 Nb8 7. Bd3 h6 8. Be3 a6 9. Nh4 c6 10. dxc6 Nexc6 11. Nf5 Bxf5 12. exf5 d5 13. Qh5 d4 14. Bc4 Qd7 15. Be6 Qe7 16. Nd5 g6 17. fxg6 Qd6 18. g7 1-0